| 000 | 00616cam a2200217 a 4500 | ||
|---|---|---|---|
| 008 | |||
| 020 | _a8170296099 (pbk.) | ||
| 049 | 0 | _aMAIN | |
| 050 | 0 | 0 | _aREF TK5105.875 CRU |
| 100 | 1 | _aCrumlish, Christian. | |
| 245 | 1 | 4 |
_aThe Internet dictionary / _cChristian Crumlish. |
| 260 |
_aSan Francisco : _bSybex, _cc1995. |
||
| 300 |
_ax, 226 p. : _bill. ; _c23 cm. |
||
| 650 | 0 |
_aInternet _vDictionaries. |
|
| 650 | 0 |
_aComputer networks _vDictionaries. |
|
| 907 |
_a.b10227751 _b29-01-07 _c29-01-07 |
||
| 003 | |||
| 005 | 20230120191426.0 | ||
| 040 | _cNUST | ||
| 942 | _cBOOKS | ||
| 999 |
_c100917 _d100917 |
||